• 首页
  • 本馆介绍
  • 公告通知
  • 最新文献
  • 馆藏检索
  • 电子资源
  • 读者导购
  • 参考咨询
  • 我的图书馆
  • 登录
  • 详细信息显示
  • 放入我的书架
  • 预约/预借图书
  • 作者相关作品
  • 分类相关作品
  • 丛书相关作品
  • 出版社相关作品

书目信息

  • 表格格式
  • 工作单格式
  • 卡片格式
题名:
工业水处理技术
    
 
作者: 周本省 主编
分册:  
出版信息: 北京   化学工业出版社  2002
页数:
开本: 29cm
丛书名:
单 册:
中图分类: TQ085
科图分类:
主题词: 化工厂
电子资源:
ISBN: 7-5025-3517-9
000 00537nam0 2200193 450
001 0754114953
005 20070929150154.95
010    @a7-5025-3517-9
100    @a20070929d km y0chiy0120 ea
101 0  @achi
200 1  @a工业水处理技术@Agong ye shui chu li ji shu@f周本省 主编@Fzhou ben sheng zhu bian
205    @a2版
210    @a北京@c化学工业出版社@d2002
215    @c插图@d29cm
606 0  @a化工厂
690    @aTQ085@v3
701  0 @a周本省@Azhou ben sheng@4主编
801  0 @aCN@bPFT@c20070929
905    @a213230@dTQ085@eh202=2@f1
    
    工业水处理技术/周本省 主编.-2版.-北京:化学工业出版社,2002
    插图;29cm
    
    
    ISBN 7-5025-3517-9:
    
●
相关链接 在E读中查询图书 在五车中查询图书 在当当中查询图书 在豆瓣中查询图书


正题名:工业水处理技术     索取号:TQ085/h202=2         预约/预借

序号 登录号 条形码 馆藏地/架位号 状态 备注
1 6002317   260023174   密集书库-化学系/ [索取号:TQ085/h202=2] 在馆    
唐山师范学院图书馆 欢迎您!
大连网信软件有限公司© 版权所有